| 000 | 00309 a2200109 4500 | ||
|---|---|---|---|
| 001 | 55255 | ||
| 082 | _a621.38450952SAM | ||
| 090 |
_c34217 _d34217 |
||
| 100 | _aSampei Seiichi | ||
| 245 | _aBeyond the age of innocence; rebuilding trust between America and the world | ||
| 260 |
_aNY _bPub United L _c2005 |
||
| 942 |
_aNUST-CAE _k621.38450952SAM |
||
| 999 |
_c290328 _d290328 |
||